[Event "2nd Breizh Masters"]
[Site "Guingamp FRA"]
[Date "2004.02.12"]
[Round "1"]
[White "Bagheri,A"]
[Black "Gozzoli,Y"]
[Result "1-0"]
[WhiteElo "2534"]
[BlackElo "2430"]
[EventDate "2004.02.12"]

1. c4 c5 2. Nf3 Nc6 3. e3 Nf6 4. d4 cxd4 5. exd4 d5 6. Nc3 Bg4 7. cxd5 Nxd5
8. Qb3 Bxf3 9. gxf3 Nb6 10. Be3 e6 11. O-O-O Be7 12. d5 exd5 13. Nxd5 Nxd5
14. Rxd5 Qc7 15. Kb1 O-O 16. f4 Nb4 17. Rd4 Nc6 18. Qc2 Qa5 19. Ra4 Qe1+
20. Qc1 Qxc1+ 21. Kxc1 Rac8 22. Kb1 Rfd8 23. Bh3 Rc7 24. Rc1 Bd6 25. Bg2 f5
26. Rac4 Kf7 27. Bxc6 bxc6 28. Rxc6 Rxc6 29. Rxc6 Bb8 30. Kc2 h6 31. b4 Re8
32. Rc4 Kg6 33. Kd3 Kh5 34. f3 Kh4 35. Rc5 Rf8 36. Rb5 g5 37. Rb7 g4 38.
Ke2 Kh3 39. Rh7 Kxh2 40. Rxh6+ Kg3 41. Rg6 Re8 42. fxg4 fxg4 43. f5 Rf8 44.
f6 a6 45. Bc5 Rf7 46. Be7 Be5 47. Ke3 1-0

[Event "2nd Breizh Masters"]
[Site "Guingamp FRA"]
[Date "2004.02.12"]
[Round "1"]
[White "Wirig,A"]
[Black "Le Roux,JP"]
[Result "1-0"]
[WhiteElo "2418"]
[BlackElo "2480"]
[EventDate "2004.02.12"]

1. d4 g6 2. Nf3 Bg7 3. e3 d6 4. Be2 Nd7 5. b3 e5 6. Bb2 Nh6 7. Nc3 O-O 8.
Qd2 Nf5 9. dxe5 Nxe5 10. O-O-O Nxf3 11. gxf3 c6 12. Ne4 d5 13. Bxg7 Kxg7
14. Qc3+ f6 15. Ng3 Qe7 16. e4 dxe4 17. fxe4 Nxg3 18. hxg3 Qxe4 19. Qd2 h5
20. Bc4 Qe5 21. Kb1 Bf5 22. Rde1 Qc7 23. Qe3 b6 24. Qe7+ Qxe7 25. Rxe7+ Kh6
26. f3 Rfe8 27. Rc7 Rec8 28. Re7 Re8 29. Rc7 Rec8 30. Re7 Re8 31. Rc7 Re3
32. g4 Be6 33. Re7 Bxc4 34. Rxe3 Bf7 35. Re7 Bd5 36. gxh5 gxh5 37. Rh3 b5
38. Rg3 Rg8 39. Rxg8 Bxg8 40. Kc1 Bd5 41. Kd2 Bxf3 42. Ke3 Bd1 43. Kf4 Bxc2
44. Re6 Bb1 45. a4 bxa4 46. bxa4 Bc2 47. a5 Kg6 48. Rxc6 Bd3 49. Rc3 Bb5
50. Rg3+ Kh6 51. Kf5 h4 52. Rg6+ Kh5 53. Kxf6 Bd3 54. Rg5+ Kh6 55. Rd5 Bf1
56. Kf5 h3 57. Kg4 Bg2 58. Rd6+ Kg7 59. Kg3 Kf7 60. Rd7+ Ke6 61. Rxa7 Kd6
62. Ra6+ Kc7 63. Rb6 Bf1 64. Rb2 Kc6 65. Kh2 Kc7 66. Rb3 Kc6 67. Kg1 Be2
68. Rxh3 Kb5 69. Ra3 Ka6 70. Kf2 Bc4 71. Ke3 Bf1 72. Kd4 Bb5 73. Kc5 Bf1
74. Rf3 Be2 75. Rf6+ Ka7 76. Re6 Bf1 77. Re3 Ka6 78. Re8 Ka7 79. Kc6 Bg2+
80. Kc7 Ka6 81. Re2 Bf3 82. Re3 Bg2 83. Re5 Bf3 84. Kd6 Bg2 85. Kc5 Bf1 86.
Re6+ Ka7 87. Kb4 Bd3 88. Rf6 Be2 89. a6 Bxa6 90. Ka5 Bc4 91. Rc6 Bb3 92.
Rc7+ Kb8 93. Kb6 Ba2 94. Rc2 Be6 95. Re2 Bd7 96. Rh2 1-0

[Event "2nd Breizh Masters"]
[Site "Guingamp FRA"]
[Date "2004.02.13"]
[Round "2"]
[White "Baklan,V"]
[Black "Bagheri,A"]
[Result "1-0"]
[WhiteElo "2606"]
[BlackElo "2534"]
[EventDate "2004.02.12"]

1. e4 c6 2. d4 d5 3. e5 Bf5 4. Nf3 e6 5. Be2 Nd7 6. O-O Bg6 7. Nbd2 Nh6 8.
c4 Be7 9. cxd5 cxd5 10. Nb3 Rc8 11. Bxh6 gxh6 12. Rc1 O-O 13. Qd2 Kg7 14.
Rxc8 Qxc8 15. Rc1 Qb8 16. Bb5 Nb6 17. Nc5 Rc8 18. a3 a6 19. Bf1 Bxc5 20.
dxc5 Nd7 21. b4 Nxe5 22. Qc3 f6 23. Nd4 Re8 24. b5 axb5 25. Bxb5 Re7 26.
Re1 Bf7 27. f4 Ng6 28. f5 Ne5 29. Qg3+ Kh8 30. Qh4 Kg7 31. Rf1 Qf8 32. Qg3+
Kh8 33. fxe6 Bg6 34. Qf4 Kg7 35. Kh1 Rc7 36. Nf3 Rxc5 37. Nxe5 Rxb5 38.
Nxg6 hxg6 39. Qc7+ Kg8 1-0

[Event "2nd Breizh Masters"]
[Site "Guingamp FRA"]
[Date "2004.02.13"]
[Round "2"]
[White "Gozzoli,Y"]
[Black "Wirig,A"]
[Result "1/2-1/2"]
[WhiteElo "2430"]
[BlackElo "2418"]
[EventDate "2004.02.12"]

1. e4 c5 2. Nf3 Nc6 3. Bb5 e6 4. O-O Nge7 5. Re1 a6 6. Bxc6 Nxc6 7. d4 cxd4
8. Nxd4 Qc7 9. Nc3 Bd6 10. Nxc6 dxc6 11. f4 e5 12. f5 b5 13. Be3 Bb7 14.
Qf3 O-O-O 15. Qf2 Qe7 16. a3 Kb8 17. b4 f6 18. Nb1 g6 19. Nd2 Rhg8 20. Nb3
gxf5 21. Qxf5 Rg6 22. Rad1 Rdg8 23. g3 Bc8 24. Na5 Bxf5 25. Nxc6+ Kc7 26.
Nxe7 Bxe7 27. exf5 Rg4 28. Rd3 Rc4 29. Red1 Rd8 30. Rxd8 Bxd8 31. Bc5 Rxc2
32. Rd6 a5 33. Rb6 a4 34. Rxb5 Ra2 35. Ra5 Rxa3 36. b5 Rc3 37. Bb4 Rc4 38.
Rxa4 Kb7 39. Ba5 Bb6+ 40. Bxb6 Rxa4 41. Bd8 e4 42. Bxf6 Ra5 43. Kf2 Rxb5
44. Ke3 Rxf5 45. Bd4 Rf1 46. Kxe4 Kc6 47. g4 Kd6 48. h4 Ke6 49. h5 Kf7 50.
Be5 Rf2 1/2-1/2

[Event "2nd Breizh Masters"]
[Site "Guingamp FRA"]
[Date "2004.02.13"]
[Round "2"]
[White "Istratescu,A"]
[Black "Le Roux,JP"]
[Result "1-0"]
[WhiteElo "2590"]
[BlackElo "2480"]
[EventDate "2004.02.12"]

1. d4 Nf6 2. c4 e6 3. Nf3 b6 4. a3 Bb7 5. Nc3 d5 6. cxd5 Nxd5 7. Qc2 Nxc3
8. bxc3 Be7 9. e4 O-O 10. Bd3 c5 11. O-O Qc8 12. Qe2 Ba6 13. Bf4 Rd8 14.
Rfd1 Bxd3 15. Qxd3 cxd4 16. cxd4 Qa6 17. Qe3 Qa4 18. Bg5 Bxg5 19. Nxg5 h6
20. Nf3 Nd7 21. h3 Rac8 22. Rd3 b5 23. Rad1 a5 24. Qf4 Nf6 25. Ne5 Rc3 26.
Rxc3 Qxd1+ 27. Kh2 Rf8 28. d5 Qd4 29. Rd3 Qb2 30. Nc6 b4 31. axb4 axb4 32.
dxe6 fxe6 33. Ne7+ Kh7 34. e5 Qc2 35. Rg3 Nd7 36. Qg4 1-0

[Event "2nd Breizh Masters"]
[Site "Guingamp FRA"]
[Date "2004.02.14"]
[Round "3"]
[White "Bagheri,A"]
[Black "Istratescu,A"]
[Result "1/2-1/2"]
[WhiteElo "2534"]
[BlackElo "2590"]
[EventDate "2004.02.12"]

1. d4 Nf6 2. c4 e6 3. Nc3 Bb4 4. Qc2 d5 5. e3 c5 6. Nf3 O-O 7. a3 Bxc3+ 8.
bxc3 Nc6 9. Bd3 Qc7 10. O-O dxc4 11. Bxc4 e5 12. h3 cxd4 13. exd4 exd4 14.
cxd4 Na5 15. Bd3 Qxc2 16. Bxc2 Be6 1/2-1/2

[Event "2nd Breizh Masters"]
[Site "Guingamp FRA"]
[Date "2004.02.14"]
[Round "3"]
[White "Le Roux,JP"]
[Black "Gozzoli,Y"]
[Result "1-0"]
[WhiteElo "2480"]
[BlackElo "2430"]
[EventDate "2004.02.12"]

1. e4 e5 2. Nf3 d6 3. d4 exd4 4. Qxd4 a6 5. Bf4 Nc6 6. Qd2 Nf6 7. Nc3 Be7
8. O-O-O O-O 9. Bd3 Nd7 10. Nd5 Nde5 11. Qc3 Bf6 12. Nxe5 dxe5 13. Be3 Be6
14. Bc4 Nd4 15. Nxf6+ Qxf6 16. f4 c5 17. fxe5 Qxe5 18. Bxd4 cxd4 19. Qxd4
Qg5+ 20. Rd2 Bxc4 21. Qxc4 Rfd8 22. Rhd1 Rxd2 23. Rxd2 Rd8 24. Qe2 h5 25.
g3 h4 26. gxh4 Rxd2 27. Qxd2 Qg1+ 28. Qd1 Qe3+ 29. Kb1 g6 30. a3 Qxe4 31.
h5 Qc6 32. h4 Kh7 33. hxg6+ fxg6 34. Qd4 b5 35. b3 Kg8 36. Kb2 Kh7 37. a4
Kg8 38. c3 Kh7 39. Ka3 bxa4 40. bxa4 Qb7 41. c4 a5 42. c5 Qf3+ 43. Kb2 Qe2+
44. Kb3 Qe6+ 45. Qc4 Qc6 46. Qc3 Qd5+ 47. Ka3 Qd8 48. c6 Qc7 49. Qf6 Qg3+
50. Kb2 Qd3 51. Qf7+ Kh6 52. Qf4+ Kh7 53. c7 Qe2+ 54. Kc3 Qe6 55. Kd4 1-0

[Event "2nd Breizh Masters"]
[Site "Guingamp FRA"]
[Date "2004.02.14"]
[Round "3"]
[White "Wirig,A"]
[Black "Baklan,V"]
[Result "1/2-1/2"]
[WhiteElo "2418"]
[BlackElo "2606"]
[EventDate "2004.02.12"]

1. c4 e5 2. g3 Nf6 3. Bg2 c6 4. d4 exd4 5. Qxd4 d5 6. cxd5 cxd5 7. Nf3 Nc6
8. Qa4 Bc5 9. O-O Be6 10. Bg5 h6 11. Bxf6 Qxf6 12. Nc3 O-O 13. Ne1 Rad8 14.
Nd3 Bb6 15. Rac1 Qe7 16. Nf4 d4 17. Ne4 Bg4 18. h3 Bf5 19. Qa3 Qxa3 20.
bxa3 Rfe8 21. Nc5 Na5 22. g4 Bh7 23. Bf3 Bc7 24. Nce6 Bxf4 25. Nxf4 Be4 26.
Kg2 Bxf3+ 27. Kxf3 Nc6 28. Rfd1 Re5 29. Rb1 b6 30. Rb3 Rc5 31. Rd2 Kf8 32.
Kg2 Re8 33. Nd3 Rc4 34. Nb2 Rc3 35. Nd3 Rc8 36. Nf4 Rc4 37. Rb5 Ra4 38. Rb3
Rd8 39. Rf3 Ke7 40. Rc2 Ne5 41. Rb3 Rc4 42. Rxc4 Nxc4 43. a4 Na5 44. Rb5
Rc8 45. Re5+ Kf8 46. Rd5 Rc2 47. Rd7 g5 48. Nh5 Rxe2 49. Ng3 Rxa2 50. Nf5
Ke8 51. Rxd4 Nb7 52. Re4+ Kf8 53. Re7 Nd6 54. Rxa7 Nxf5 55. gxf5 b5 56. a5
Kg7 57. a6 Kf6 58. Rb7 Rxa6 59. Rxb5 h5 60. Rb8 Kxf5 61. Rh8 h4 62. Rb8 Ra4
63. Rb5+ Kf4 64. Rb7 f5 65. Rh7 Ke5 66. Rh5 Kf4 67. Rh7 Ra3 68. Rh8 Ra5 69.
Rh7 Ra3 70. Rh8 Ke4 71. Rh5 f4 72. Rxg5 f3+ 73. Kh2 Ra1 74. Rh5 Kd3 75. Re5
Kd2 76. Re3 Ra8 77. Rxf3 Ke2 78. Rf4 Rg8 79. Rxh4 Kxf2 80. Rf4+ Ke3 81. Rf6
Rh8 82. Kg3 Rg8+ 83. Kh4 Rh8+ 84. Kg4 Rg8+ 85. Kf5 Rh8 86. Ra6 Kf3 87. Ra3+
Kg2 88. Kg4 Rg8+ 89. Kf5 Rf8+ 90. Kg5 1/2-1/2

[Event "2nd Breizh Masters"]
[Site "Guingamp FRA"]
[Date "2004.02.15"]
[Round "4"]
[White "Baklan,V"]
[Black "Le Roux,JP"]
[Result "1-0"]
[WhiteElo "2606"]
[BlackElo "2480"]
[EventDate "2004.02.12"]

1. e4 e5 2. Nf3 Nc6 3. Bc4 Nf6 4. d3 Be7 5. c3 O-O 6. O-O d5 7. exd5 Nxd5
8. h3 Nb6 9. Bb5 Qd5 10. c4 Qd6 11. Bxc6 bxc6 12. Re1 f6 13. d4 exd4 14.
Qxd4 Qxd4 15. Nxd4 Bb4 16. Bd2 Bd6 17. b3 Bd7 18. Nc3 Rfd8 19. Rad1 a5 20.
Ne4 Bf8 21. Bf4 Rdc8 22. a4 Rab8 23. g4 Kf7 24. Re3 Rb7 25. Red3 Re8 26. f3
h5 27. Kf2 hxg4 28. hxg4 Nc8 29. Nf5 Bxf5 30. gxf5 Ne7 31. Nc5 Ra7 32. Rd7
Kg8 33. Ne6 Nxf5 34. Nxf8 Kxf8 35. Rxc7 Ra6 36. c5 Kg8 37. Rcd7 Raa8 38.
Bc7 Ne3 39. R1d6 Nf5 40. Rxc6 Kh7 41. Rxf6 1-0

[Event "2nd Breizh Masters"]
[Site "Guingamp FRA"]
[Date "2004.02.15"]
[Round "4"]
[White "Bagheri,A"]
[Black "Wirig,A"]
[Result "1-0"]
[WhiteElo "2534"]
[BlackElo "2418"]
[EventDate "2004.02.12"]

1. d4 d5 2. c4 c6 3. e3 Nf6 4. Nc3 a6 5. Nf3 b5 6. b3 Bg4 7. Be2 e6 8. O-O
Nbd7 9. h3 Bh5 10. Bb2 Bd6 11. Ne5 Bxe2 12. Nxe2 bxc4 13. bxc4 Bxe5 14.
dxe5 Ne4 15. Nd4 Rc8 16. Rc1 Nec5 17. Ba3 O-O 18. cxd5 cxd5 19. Nb3 Nxb3
20. Rxc8 Qxc8 21. Bxf8 Na5 22. Bd6 Qc6 23. Qd4 f6 24. Qg4 Nxe5 25. Qxe6+
Nf7 26. Rb1 Qxd6 27. Qe8+ Qf8 28. Rb8 1-0

[Event "2nd Breizh Masters"]
[Site "Guingamp FRA"]
[Date "2004.02.16"]
[Round "5"]
[White "Le Roux,JP"]
[Black "Bagheri,A"]
[Result "1-0"]
[WhiteElo "2480"]
[BlackElo "2534"]
[EventDate "2004.02.12"]

1. d4 Nf6 2. c4 e6 3. Nc3 Bb4 4. e3 c5 5. a3 Bxc3+ 6. bxc3 Nc6 7. Bd3 e5 8.
Ne2 d6 9. O-O O-O 10. f3 Re8 11. Kh1 e4 12. Bc2 exf3 13. gxf3 Na5 14. e4
Nxc4 15. Rg1 Nd7 16. Nf4 Ncb6 17. Qd2 Nf8 18. Rxg7+ Kh8 19. Nh5 Re6 20. Qf4
1-0

[Event "2nd Breizh Masters"]
[Site "Guingamp FRA"]
[Date "2004.02.16"]
[Round "5"]
[White "Gozzoli,Y"]
[Black "Baklan,V"]
[Result "1/2-1/2"]
[WhiteElo "2430"]
[BlackElo "2606"]
[EventDate "2004.02.12"]

1. d4 Nf6 2. Nf3 e6 3. c4 b6 4. a3 Bb7 5. Nc3 g6 6. Qc2 Bg7 7. e4 d6 8. Be2
O-O 9. O-O a6 10. Rd1 Nbd7 11. h3 Qe7 12. Rb1 c5 13. e5 Ne8 14. Bg5 f6 15.
exf6 Bxf6 16. Bh6 Bg7 17. Bg5 Bf6 18. Bh6 Bg7 19. Bg5 1/2-1/2

[Event "2nd Breizh Masters"]
[Site "Guingamp FRA"]
[Date "2004.02.16"]
[Round "5"]
[White "Wirig,A"]
[Black "Istratescu,A"]
[Result "1/2-1/2"]
[WhiteElo "2418"]
[BlackElo "2590"]
[EventDate "2004.02.12"]

1. c4 c5 2. g3 Nc6 3. Bg2 g6 4. Nc3 Bg7 5. a3 a6 6. Rb1 Rb8 7. b4 cxb4 8.
axb4 b5 9. cxb5 axb5 10. Nf3 Nf6 11. O-O O-O 12. d4 1/2-1/2

[Event "2nd Breizh Masters"]
[Site "Guingamp FRA"]
[Date "2004.02.17"]
[Round "6"]
[White "Istratescu,A"]
[Black "Wirig,A"]
[Result "1-0"]
[WhiteElo "2590"]
[BlackElo "2418"]
[EventDate "2004.02.12"]

1. e4 c5 2. Nf3 Nc6 3. d4 cxd4 4. Nxd4 Nf6 5. Nc3 e5 6. Ndb5 d6 7. a4 a6 8.
Na3 Be6 9. Bg5 Nb4 10. Nc4 d5 11. exd5 Nbxd5 12. Nxd5 Qxd5 13. Bxf6 gxf6
14. Qxd5 Bxd5 15. Nb6 Rd8 16. Nxd5 Rxd5 17. g3 a5 18. Bg2 Rd7 19. Ke2 Bc5
20. Rhd1 Rxd1 21. Rxd1 b6 22. Bh3 h5 23. Bf5 h4 24. g4 O-O 25. h3 Re8 26.
f3 Kg7 27. Rd5 Kh6 28. Kd3 Kg5 29. Ke4 Bg1 30. Rd7 Rf8 31. c3 Bc5 32. Rc7
Bf2 33. Rb7 Bc5 34. Rd7 Bf2 35. Rd5 Re8 36. Bd7 Re7 37. f4+ Kh6 38. f5 Bc5
39. Bb5 Kg7 40. Rd8 Bf2 41. Bc6 Bc5 42. Bd5 Bf2 43. Rc8 Bc5 44. Rc6 Ra7 45.
Rc8 Re7 46. Rb8 Ra7 47. Rb7 Rxb7 48. Bxb7 Bf2 49. Bd5 Kf8 50. Kd3 Ke7 51.
Ba2 Bg1 52. b4 axb4 53. cxb4 Bf2 54. a5 bxa5 55. bxa5 Bg1 56. a6 Bf2 57.
Ke4 Bd4 58. Bc4 Ke8 59. Bd5 Ke7 60. Kd3 Ba7 61. Kc4 Kd6 62. Bb7 Be3 63. Kd3
Ba7 64. Ke4 Bd4 65. Bd5 Ke7 66. Bc4 Ke8 67. g5 fxg5 68. f6 Kf8 69. Kf5 Be3
70. Be2 Bd4 71. Bf3 Ke8 72. Bd5 Be3 73. Kxe5 Kf8 74. Bf3 Ke8 75. Kd6 Kd8
76. Bh5 Ke8 77. Kc7 Bd4 78. Bg4 Be3 79. Bd7+ Kf8 80. Kb7 Kg8 81. Bf5 g4 82.
hxg4 h3 83. a7 Bxa7 84. Kxa7 h2 85. Be4 h1=Q 86. Bxh1 Kh7 87. Bd5 Kg6 88.
Bxf7+ 1-0

[Event "2nd Breizh Masters"]
[Site "Guingamp FRA"]
[Date "2004.02.17"]
[Round "6"]
[White "Baklan,V"]
[Black "Gozzoli,Y"]
[Result "1-0"]
[WhiteElo "2606"]
[BlackElo "2430"]
[EventDate "2004.02.12"]

1. e4 e5 2. Nf3 Nc6 3. Bc4 Nf6 4. d3 Be7 5. O-O O-O 6. Re1 d6 7. a4 Kh8 8.
a5 a6 9. c3 Ng8 10. d4 f5 11. dxe5 fxe4 12. Rxe4 Bf5 13. Re1 dxe5 14. Qxd8
Raxd8 15. Nbd2 Bd6 16. Ng5 Rd7 17. Be6 Bxe6 18. Nxe6 Re8 19. Ng5 Nf6 20.
Kf1 Kg8 21. Nc4 Bf8 22. Ne4 Nxe4 23. Rxe4 Kf7 24. Ke2 g6 25. Bg5 Bg7 26.
Bh4 Rd5 27. Rd1 Rxd1 28. Kxd1 Nb8 29. Kc2 Nc6 30. f3 Bf8 31. b4 Bd6 32. Bf2
Rd8 33. Nb2 Nb8 34. Nc4 Nc6 35. Bg3 Re8 36. Kb3 Re6 37. Re1 Re8 38. Nd2 h6
39. Ne4 Rd8 40. Bf2 Bf8 41. Kc2 Be7 42. Bc5 Bd6 43. Rb1 Rd7 44. Rd1 Ke6 45.
Kb3 Rd8 46. Kc4 Nb8 47. Rd2 Rd7 48. h3 Ke7 49. Be3 h5 50. g4 Kf7 51. Ba7
Nc6 52. Bc5 Ke6 53. gxh5 gxh5 54. Rg2 Kf5 55. Rg8 1-0

[Event "2nd Breizh Masters"]
[Site "Guingamp FRA"]
[Date "2004.02.17"]
[Round "6"]
[White "Bagheri,A"]
[Black "Le Roux,JP"]
[Result "0-1"]
[WhiteElo "2534"]
[BlackElo "2480"]
[EventDate "2004.02.12"]

1. d4 Nf6 2. c4 e6 3. Nf3 b6 4. a3 Bb7 5. Nc3 d5 6. cxd5 Nxd5 7. Qc2 Nxc3
8. bxc3 Be7 9. e4 O-O 10. Bd3 c5 11. O-O Qc8 12. Qe2 Ba6 13. Rd1 Bxd3 14.
Rxd3 Nd7 15. e5 cxd4 16. cxd4 Re8 17. Bg5 Bf8 18. Qe4 Qc4 19. Nd2 Qc2 20.
Nf1 Rac8 21. Rc1 Qa4 22. Rh3 g6 23. Rxc8 Rxc8 24. Rf3 Qc2 25. Qf4 Qf5 26.
Qe3 Qb1 27. g4 h6 28. Qf4 f5 29. gxf5 Qxf5 30. Qxf5 gxf5 31. Bd2 Rc2 32.
Rb3 Kf7 33. Kg2 Nb8 34. Bc3 Ra2 35. Bb2 Nc6 36. Rc3 Ne7 37. Rb3 Nd5 38. Kf3
a5 39. Ne3 a4 40. Rb5 Bxa3 41. Nxd5 Rxb2 42. Rxb6 exd5 43. Ra6 Be7 0-1

[Event "2nd Breizh Masters"]
[Site "Guingamp FRA"]
[Date "2004.02.18"]
[Round "7"]
[White "Gozzoli,Y"]
[Black "Istratescu,A"]
[Result "1/2-1/2"]
[WhiteElo "2430"]
[BlackElo "2590"]
[EventDate "2004.02.12"]

1. e4 e5 2. Nf3 Nf6 3. Nxe5 d6 4. Nf3 Nxe4 5. Qe2 Qe7 6. d3 Nf6 7. Nc3
Qxe2+ 8. Bxe2 Be7 9. h3 O-O 10. O-O c6 11. Bf4 1/2-1/2

[Event "2nd Breizh Masters"]
[Site "Guingamp FRA"]
[Date "2004.02.18"]
[Round "7"]
[White "Le Roux,JP"]
[Black "Baklan,V"]
[Result "0-1"]
[WhiteElo "2480"]
[BlackElo "2606"]
[EventDate "2004.02.12"]

1. d4 Nf6 2. c4 g6 3. Nc3 Bg7 4. Bg5 O-O 5. Qd2 c5 6. d5 a6 7. a4 d6 8. e4
Qa5 9. Nge2 b5 10. Ng3 bxc4 11. Bxc4 Qb4 12. Be2 Nbd7 13. O-O Rb8 14. Rab1
Re8 15. Kh1 Nb6 16. Qc2 e6 17. Bf4 Rd8 18. Bd2 Qd4 19. Be3 Qb4 20. Bd2 Qd4
21. a5 Nc4 22. Bg5 Nxa5 23. Ra1 exd5 24. Rxa5 dxe4 25. Ncxe4 Rxb2 26. Qd3
Nxe4 27. Nxe4 Re8 28. Qxd4 Bxd4 29. Bf3 Bb7 30. Nxd6 Rxf2 31. Raa1 Bxa1 32.
Rxa1 Bxf3 33. gxf3 Ree2 34. Bf4 Rxf3 35. Bg3 a5 36. Kg1 Rb3 37. Nc4 a4 0-1

[Event "2nd Breizh Masters"]
[Site "Guingamp FRA"]
[Date "2004.02.18"]
[Round "7"]
[White "Wirig,A"]
[Black "Bagheri,A"]
[Result "1/2-1/2"]
[WhiteElo "2418"]
[BlackElo "2534"]
[EventDate "2004.02.12"]

1. c4 b6 2. Nc3 Bb7 3. e4 e6 4. Nge2 Nf6 5. d3 c5 6. g3 d6 7. Bg2 Be7 8.
O-O Nc6 9. f4 O-O 10. h3 a6 11. Kh2 Ne8 12. Be3 Nc7 13. Rc1 b5 14. b3 Qd7
15. d4 cxd4 16. Nxd4 Nxd4 17. Bxd4 Rac8 18. Qg4 Ne8 19. cxb5 axb5 20. Nd5
Bd8 21. Nb6 Bxb6 22. Bxb6 f5 23. Qe2 fxe4 24. Rxc8 Qxc8 25. Bxe4 Bxe4 26.
Qxe4 Nf6 27. Qe2 Qd7 28. Bd4 d5 29. Qe5 Rc8 30. Rf2 Ne4 31. Re2 b4 32. g4
Qf7 33. Rg2 Qf6 34. Qxe4 dxe4 35. Bxf6 gxf6 36. f5 Kf7 37. Re2 exf5 38.
gxf5 Rc5 39. Rxe4 Rxf5 40. Rxb4 1/2-1/2

[Event "2nd Breizh Masters"]
[Site "Guingamp FRA"]
[Date "2004.02.19"]
[Round "8"]
[White "Gozzoli,Y"]
[Black "Le Roux,JP"]
[Result "1/2-1/2"]
[WhiteElo "2430"]
[BlackElo "2480"]
[EventDate "2004.02.12"]

1. d4 d5 2. c4 dxc4 3. Nf3 c5 4. d5 e6 5. Nc3 exd5 6. Qxd5 Qxd5 7. Nxd5 Bd6
8. e4 Nc6 9. Bxc4 Nge7 10. O-O Bg4 11. Be3 O-O 12. Rfd1 Rfd8 13. e5 Nxd5
14. exd6 Nxe3 15. fxe3 Rd7 16. Bb5 Rc8 17. Rac1 Bxf3 18. gxf3 a6 19. Bxc6
Rxc6 20. Rd5 Rdxd6 1/2-1/2

[Event "2nd Breizh Masters"]
[Site "Guingamp FRA"]
[Date "2004.02.19"]
[Round "8"]
[White "Baklan,V"]
[Black "Wirig,A"]
[Result "1/2-1/2"]
[WhiteElo "2606"]
[BlackElo "2418"]
[EventDate "2004.02.12"]

1. e4 c5 2. Nf3 Nc6 3. Bb5 e6 4. O-O Nge7 5. Nc3 Nd4 6. Nxd4 cxd4 7. Ne2 a6
8. Ba4 Nc6 9. d3 g6 10. Bxc6 dxc6 11. c3 dxc3 12. bxc3 c5 13. a4 Bd7 14. a5
Rc8 15. c4 Bg7 16. Ra2 Rc6 17. Bb2 Bxb2 18. Rxb2 Qxa5 19. Rxb7 Bc8 20. Rb3
O-O 21. Qa1 Qc7 22. e5 Rd8 23. Ng3 Rd4 24. f4 Qd8 25. Qa3 a5 26. Ne4 Rxe4
27. dxe4 Qd4+ 28. Re3 Ba6 29. Qc3 Bxc4 30. Rc1 Rb6 31. Qxd4 cxd4 32. Ra3 d3
33. Rxa5 Kg7 34. Ra8 Rb2 35. Rd1 Re2 36. Rd8 Ba6 37. h4 h6 38. Kh2 g5 39.
fxg5 hxg5 40. Rf1 gxh4 41. Rd7 Rxe4 42. Rfxf7+ Kg6 43. Rf6+ Kg5 44. Rg7+
Kh5 45. Rxe6 Rd4 46. Rxa6 d2 47. Ra1 d1=Q 48. Rxd1 Rxd1 49. e6 Re1 50. Re7
Kg5 51. Re8 Re3 52. Rg8+ Kh5 53. Re8 Kg5 1/2-1/2